| Tag |
First Indicator |
Second Indicator |
Subfields |
| LEADER |
00000cam a2200000 4500 |
| 001 |
in00000072364 |
| 005 |
20151008052457.0 |
| 008 |
771026s1951 ilua 00000 eng |
| 010 |
|
|
|a 52000122
|
| 035 |
|
|
|a (OCoLC)03370007
|
| 035 |
|
|
|9 AAH3525AM
|
| 040 |
|
|
|a DLC
|c GPM
|d TXA
|d UtOrBLW
|
| 049 |
|
|
|a TXAM
|
| 050 |
|
0 |
|a HD8072
|b .W5983
|
| 082 |
0 |
|
|a 331
|
| 092 |
|
|
|a 331
|b W855o
|
| 100 |
1 |
|
|a Wolfbein, Seymour L.
|q (Seymour Louis),
|d 1915-
|
| 245 |
1 |
0 |
|a Our world of work :
|b by Seymour L. Wolfbein and Harold Goldstein.
|
| 264 |
|
1 |
|a Chicago :
|b Science Research Associates,
|c [1951]
|
| 264 |
|
4 |
|c ©1951
|
| 300 |
|
|
|a 49 pages :
|b illustrations ;
|c 22 cm.
|
| 336 |
|
|
|a text
|b txt
|2 rdacontent
|
| 337 |
|
|
|a unmediated
|b n
|2 rdamedia
|
| 338 |
|
|
|a volume
|b nc
|2 rdacarrier
|
| 490 |
1 |
|
|a Life adjustment booklet
|
| 650 |
|
0 |
|a Working class
|z United States
|y 1914-
|
| 650 |
|
0 |
|a Labor movement
|z United States
|y 1914-
|
| 650 |
|
0 |
|a Labor
|z United States
|y 1914-
|
| 830 |
|
0 |
|a Life adjustment booklet.
|
| 999 |
|
|
|a MARS
|
| 999 |
f |
f |
|s ba960ce3-9263-3f7c-af29-dc9a948bfd3f
|i b38dd19d-31eb-3729-b497-de66d3761165
|t 0
|
| 952 |
f |
f |
|p ric
|a Texas A&M University
|b Rellis Campus
|c Joint Library Facility
|d Remote Storage
|t 0
|e HD8072 .W5983
|h Library of Congress classification
|i unmediated -- volume
|m A14836365867
|
| 998 |
f |
f |
|a HD8072 .W5983
|t 0
|l Remote Storage
|